000 02296nam a2200277 a 4500
001 BRCA_8745
005 20190320210406.0
008 030317s1783----sp-#######---#000-0#spa-#
041 _aspa
044 _asp
084 _aBE104
_b.P37 1783
100 1 _aParras, Pedro Joseph
_921779
245 1 0 _aGobierno de los regulares de la América, ajustado religiosamente á la voluntad del rey
_btrabajado en obsequio de la paz y tranquilidad conveniente á los Regulares mismos con los Señores Diocesanos, Virreyes, Presidentes, Audencias, Gobernadores y demás Tribunales subalternos: arreglado á las leyes de aquellos reynos reales cédulas de S. M. autos-acordados, decretos, y providencias de su Real y Supremo Consejo de las Indias: Para instrucción de los prelados Generales, Provinciales, Visitadores y otros Delegados en las obligación de sus oficios respectivamente para con el Reay y para con su subditos
_csu autor el P. Fr. Pedro Joseph Parras, Lector Jubilado...
260 _aMadrid
_bPor D. Joachîn Ibarra, impresor de la cámara de S.M.
_c1783
300 _aXXXVI, 493p. (t.2)
_c20.4 x 15 cm.
500 _aCon las licencias necesarias.
500 _aEn portada: quien lo dedica al rey nuestro señor en su Real y Supremo Consejo de las Indias
500 _aCon marca de fuego: “Procedencia de la marca: Convento de Santa María de los Ángeles de Churubusco, D.F.(1) Institución: Orden de Frailes Menores Descalzos. Provincia de San Diego de México. Descripción: Inscrito en un rectángulo de puntas redondeadas la palabra Churubusco. Observaciones: Rafael Sala, Carlos Krausse y David Saavedra Vega atribuyen esta marca al Convento de Nuestra Señora de los Ángeles, de Churubusco, Ciudad de México. Ubicación de la marca en el libro: Canto superior, inferior y lateral”
500 _aEstado físico: presenta encuadernación en pergamino, con lomo semi desprendido
650 1 4 _aOrdenes monásticas y religiosas
_yAmerica latina
_921780
650 1 4 _aIglesia católica
_yAmerica latina
_921781
700 1 _aIbarra, Joachîn
_eImpresor
_921782
856 _ahttp://www.marcasdefuego.buap.mx:8180/xmLibris/projects/firebrand/item.jsp?repository=marcas_de_fuego&key=marcas_de_fuego_franciscanas_20150804141948_e26b.xml&num=129
902 _aCFM
942 _2lcc
_cB
999 _c8397
_d8397